Bilecik Bilecik Bilecik Bilecik Bilecik

Bilgi yönetimi/ (Record no. 561)

MARC details
000 -BAŞLIK
Sabit Uzunluktaki Kontrol Alanı 02008nam a22003857a 4500
001 - KONTROL NUMARASI
Control Dosyası 0000560
003 - KONTROL NUMARASI KİMLİĞİ
Kontrol Alanı KOHA_MİRAKIL
005 - EN SON İŞLEM TARİHİ ve ZAMANI
Kontrol Alanı 20260207001213.0
007 - FİZİKSEL TANIM SABİT ALAN - GENEL BİLGİ
Sabit uzunluklu kontrol alanı ta
008 - SABİT UZUNLUKTAKİ VERİ ÖGELERİ - GENEL BİLGİ
Sabit Alan 081212b2006 tu a|||gr||||#||||0|tur |
020 ## - ISBN - ULUSLARARASI STANDART KİTAP NUMARASI
Isbn 9752956032
Kullanılabilirlik koşulları YTL18,690000000000001
040 ## - KATALOGLAMA KAYNAĞI
Özgün Kataloglama Kurumu TR-BiSEU
Kataloglama Dili tur
Çeviri Kurumu TR-BiSEU
Açıklama Kuralları rda
041 0# - DİL KODU
Metin ya da ses kaydının dil kodu tur
044 ## - YAYINLAYAN/ÜRETEN KURULUŞUN ÜLKE KODU
ISO country code tu
050 ## - SINIFLAMA ve YER NUMARASI
Sınıflama Numarası HD30.213
Yer Numarası .B39 2006
100 1# - KİŞİ ADI
Yazar Adı (Kişi adı) Bayraktar, Berat Bir.
245 1# - ESER ADI BİLDİRİMİ
Başlık Bilgi yönetimi/
Sorumluluk Bildirimi Berat Bir Bayraktar ; Berat Bir Bayraktar.
264 #1 - ÜRERİM, YAYIN, DAĞITIM ve TELİF BİLDİRİMİ
Yayın yeri İstanbul :
Yayınlayan Beta Basım Yayım Dağıtım
Yayın tarihi 2006
300 ## - FİZİKSEL TANIMLAMA
Sayfa, Cilt vb. 223 sayfa :
Diğer fiziki detaylar resimli
336 ## - İÇERİK TÜRÜ
Content type term metin
Content type code txt
Source rdacontent
337 ## - MEDYA TÜRÜ
Media type term aracısız
Media type code n
Source rdamedia
338 ## - TAŞIYICI TÜRÜ
Carrier type term cilt
Carrier type code nc
Source rdacarrier
490 1# - DİZİ BİLDİRİMİ
Dizi Bildirimi Beta ;
Cilt Numarası yayın no.
490 1# - DİZİ BİLDİRİMİ
Dizi Bildirimi 1708.
490 1# - DİZİ BİLDİRİMİ
Dizi Bildirimi İşletme-Ekonomi ;
Cilt Numarası 198
500 ## - GENEL NOT
Genel Not Dış kapakta yapıt adı: Bilgi yönetimi : akademik yaklaşımlar
505 ## - İÇİNDEKİLER NOTU
İçindekiler Notu İÇİNDEKİLER
650 #0 - KONU BAŞLIĞI EK GİRİŞ - KONU TERİMİ
Konusal terim veya coğrafi ad Bilgi yönetimi.
9 (RLIN) 2826
650 #0 - KONU BAŞLIĞI EK GİRİŞ - KONU TERİMİ
Konusal terim veya coğrafi ad Bilgi kaynakları yönetimi.
9 (RLIN) 2827
650 #0 - KONU BAŞLIĞI EK GİRİŞ - KONU TERİMİ
Konusal terim veya coğrafi ad İletişim, Örgütlerde.
9 (RLIN) 2828
830 1# - SERİ EK GİRİŞİ - TEKBİÇİM ESER ADI
Tekbiçim Başlık Beta ;
Volume number/sequential designation yayın no.
9 (RLIN) 2823
830 1# - SERİ EK GİRİŞİ - TEKBİÇİM ESER ADI
Tekbiçim Başlık 1708.
9 (RLIN) 2829
830 1# - SERİ EK GİRİŞİ - TEKBİÇİM ESER ADI
Tekbiçim Başlık İşletme-Ekonomi ;
Volume number/sequential designation 198
9 (RLIN) 2830
942 ## - EK GİRİŞ ÖGELERİ (KOHA)
Source of classification or shelving scheme Library of Congress Classification
Koha item type Book
505 ## - İÇİNDEKİLER NOTU
--
-- Önsöz III
--
-- Bilgi Ve Belge Yöneticisi İçin Etkili İletişimin Önemi / Berat Bir Bayraktar 1
--
-- Üniversitelerde Öğrenci Dosyası Belge Profilinin İncelenmesi / Niyazi Çiçek 21
--
-- Bilgi Çağının Bir Gereği Olarak Çokuluslu Şirketlerde Bilgi Yönetimi / Ahmet Erdoğdu 43
--
-- Avrupa Birliği Ve Bilgi Toplumu Olma Yolunda Türkiye'de Enformasyon Ve Bilgi Hizmetlerine Yönelik Çalışmalar / Neslihan Erözbek 71
--
-- Bilgi Güvenliği / Ziya Gökalp 95
--
-- Belge-Bilgi Merkezlerinde Dış Kaynak Kullanımının Uygulanabilirliği / Özlem Gürhan 123
--
-- Altı Sigma'nın Önemli Araçlarından Biri: Bilgi Yönetimi / Burçak Şentürk 157
--
-- Kurumsal Bilginin Stratejik Planlama Açısından Önemi / Asiye Kakırman Yıldız 173
--
-- Arşivler ve Halkla İlişkiler / Bekir Kemal Ataman 205
--
Holdings
Materyal Türü Kalıcı Konum Mevcut Konum Raf Yeri Sınıflandırma Kaynağı Edinim Bilgisi Ana Konular Alt Konular Yer Numarası Demirbaş Numarası Fatura Tarihi Maliyet, Alış Fiyatı Maliyet, Yenileme Fiyatı Geri Çekilme Durumu Kayıp Durumu Hasarlı Durumu Kredi için değil Kayıt Tarih Toplam Ödünçverme Son Görülme Tarihi Son Kontrol Tarihi
Book Prof. Dr. Azmi Özcan Kütüphanesi Prof. Dr. Azmi Özcan Kütüphanesi Uluğbey Salonu Library of Congress Classification Satın SOSYAL BİLİMLER Endüstriler, Arazi Kullanımı, İşgücü HD30.213 .B39 2006 0000560 12/12/2008 20.19 20.19         12/12/2008 11 05/12/2024 05/12/2024